Nihon Kyōsantō dai rokkai taikai hōkoku shū.
Saved in:
| Corporate Authors: | , |
|---|---|
| Format: | Book |
| Language: | Japanese |
| Published: |
[Tōkyō] :
Nihon Kyōsantō Chūō Iinkai Shokikyoku,
[n.d.]
|
| Subjects: | |
| Tags: |
Add Tag
No Tags, Be the first to tag this record!
|
| LEADER | 01067nam a2200253ui 4500 | ||
|---|---|---|---|
| 001 | 007775357-7 | ||
| 005 | 20024617122053.0 | ||
| 008 | 980427nuuuuuuuuja 010 0 jpn d | ||
| 035 | 0 | |a ocm39017607 | |
| 040 | |a *YNH* |c *YNH* |d CStRLIN | ||
| 110 | 2 | |6 880-01 |a Nihon Kyōsantō. |b Taikai |n (6th : |d 1947 : |c Tokyo, Japan) | |
| 245 | 1 | 0 | |6 880-02 |a Nihon Kyōsantō dai rokkai taikai hōkoku shū. |
| 246 | 3 | |a Nihon Kyōsantō dai 6-kai taikai hōkoku shū | |
| 260 | |6 880-03 |a [Tōkyō] : |b Nihon Kyōsantō Chūō Iinkai Shokikyoku, |c [n.d.] | ||
| 300 | |a 24 p. ; |c 26 cm. | ||
| 610 | 2 | 0 | |6 880-04 |a Nihon Kyōsantō |x Congresses. |
| 710 | 2 | |6 880-05 |a Nihon Kyōsantō. |b Chūō Iinkai. |b Shokikyoku. | |
| 880 | 2 | |6 110-01 |a 日本共産党. |b 全国党大会 |n (6th : |d 1947 : |c Tokyo, Japan) | |
| 880 | 1 | 0 | |6 245-02 |a 日本共産黨第六回大會報告集. |
| 880 | |6 260-03 |a [東京] : |b 日本共産黨中央委員會書記局, |c [n.d.] | ||
| 880 | 2 | 0 | |6 610-04 |a 日本共産党 |x Congresses. |
| 880 | 2 | |6 710-05 |a 日本共産党. |b 中央委員会. |b 書記局. | |
| 988 | |a 20021221 | ||
| 906 | |0 MH | ||


